=LDR 00000nam 2200000 4500 =001 INLIS000000000001444 =005 20130612085840 =008 ***********************************Ind** =035 ##$$0010-061300000001444 =041 ##$$a Ind =082 ##$$a 892.7 =090 ##$$a 892.7, Gib-o =100 ##$$a GIBRAN, Kahlil =245 ##$$a Orang-orang tercinta, Kahlil Gibran =260 ##$$a 1999 $b Yogyakarta =300 ##$$a viii, 137 hlm, 21 cm =650 ##$$a Kesusastraan Arab =850 ##$$a NBPNMAT